Italian Language Doctor and Dentist #2 items - Statistics

General Stats
  • This quiz has been taken 13 times
  • The average score is 20 of 22
Answer Stats
Hint Answer % Correct
aspirin aspirina
100%
bandaid/bandage cerotto/benda
100%
eye drops colliro
100%
pharmacy farmacia
100%
medicine medicina
100%
hospital ospedale
100%
pill pillola
100%
prescription prescrizione
100%
first aid primo soccorso
100%
x-ray radiografia
100%
waiting room sala diattessa
100%
wheelchair sedia a rotelle
100%
dentist office studio dentistico
100%
thermometer tremometro
100%
vitamin vitamina
100%
needle ago
80%
ambulance ambulate
80%
cough drops pastiglie per la tosse
80%
emergency room pronto soccorso
80%
cough syrup sciroppo per la tosse
80%
cast/plaster gesso
40%
crutch stampell
20%
No matching quizzes found
Score Distribution
Percent of People with Each Score
Percentile by Number Answered
Your Score History
You have not taken this quiz